[Event "Enger Knappen Cup op-B"]
[Site "Enger"]
[Date "2009.12.30"]
[Round "7"]
[White "Moradi Kahlou, Daniel"]
[Black "Wiegmann, Dominik"]
[Result "1-0"]
[WhiteElo "1653"]
[BlackElo "1259"]
[PlyCount "45"]
[EventDate "2009.12.27"]
[EventType "swiss"]
[EventRounds "7"]
[EventCountry "GER"]
[SourceTitle "EXT 2011"]
[Source "ChessBase"]
[SourceDate "2010.11.26"]
[SourceVersion "1"]
[SourceVersionDate "2010.11.26"]
[SourceQuality "1"]

1. e4 e5 2. Nf3 Nc6 3. Bc4 Bc5 4. d3 d6 5. Nc3 Nf6 6. 0-0 Be6 7. Bb3 0-0 8. Be3 Bb6 9. h3 h6 10. Re1 Qd7 11. Ne2 Ne7 12. c3 Ng6 13. Bc2 Rfe8 14. d4 exd4 15. cxd4 Bc4 16. Ng3 Qb5 17. b3 Be6 18. a4 Qd7 19. d5 Bxe3 20. dxe6 Bxf2+ 21. Kxf2 fxe6 22. e5 Nd5 23. Bxg6 1-0

[Event "Enger Knappen Cup op-B"]
[Site "Enger"]
[Date "2009.12.28"]
[Round "4"]
[White "Schippa, Robert"]
[Black "Moradi Kahlou, Daniel"]
[Result "1-0"]
[WhiteElo "1580"]
[BlackElo "1653"]
[PlyCount "25"]
[EventDate "2009.12.27"]
[EventType "swiss"]
[EventRounds "7"]
[EventCountry "GER"]
[SourceTitle "EXT 2011"]
[Source "ChessBase"]
[SourceDate "2010.11.26"]
[SourceVersion "1"]
[SourceVersionDate "2010.11.26"]
[SourceQuality "1"]

1. d4 Nf6 2. Nf3 e6 3. e3 b6 4. c4 Bb7 5. Nc3 Bb4 6. Bd2 d5 7. Qa4+ Nc6 8. cxd5 exd5 9. Bb5 Qd6 10. Ne5 0-0 11. Bxc6 Bxc3 12. Bxc3 Bxc6 13. Qxc6 1-0